| 000 | 00616nam a22001937a 4500 | ||
|---|---|---|---|
| 005 | 20251108171851.0 | ||
| 008 | 250721s1987 xx 000 0 ara d | ||
| 082 | 1 | 4 | _a621.384/أمي |
| 100 | 1 | _aفهمي، أمين | |
| 245 | 1 | 0 |
_aاللاسلكي للهواة : _bالميكروويف / |
| 246 | 1 | 1 | _aMicroware |
| 264 | 1 |
_aبيروت : _bدار الراتب الجامعية، _c1987. |
|
| 300 | _a12ص | ||
| 490 | 0 | _aموسوعة عالم الإلكترونيات ؛ 12 | |
| 650 | 1 | 7 | _aالهندسة الإلكترونية |
| 700 | 1 | _aالعامري، فاروق | |
| 942 |
_2ddc _cREF |
||
| 999 |
_c64681 _d64681 |
||